| Поле | Инд. | ПП | Название | Значение |
|---|---|---|---|---|
| Тип записи | a | |||
| Библиографический уровень | m | |||
| 001 | Контрольный номер | dca59886d17f450c8ca3c5f83c40e509 | ||
| 005 | Дата корректировки | 20200413162152.0 | ||
| 008 | Кодируемые данные | 200311|||||||||ru |||||||||||||||||rus|| | ||
| 020 | a | ISBN | 978-5-9973-3270-9 | |
| 041 | 0_ | a | Код языка текста | rus |
| 084 | a | Индекс другой классификации/Индекс ББК | 26.22+26.221+28.082 | |
| 090 | a | Полочн. индекс | 26.2 | |
| x | Авторский знак | Г 67 | ||
| 100 | 1_ | a | Автор | Горбунова С. И. |
| 203 | a | Вид содержания | Текст | |
| c | Тип средства | непосредственное | ||
| 245 | 10 | a | Заглавие | Озера вокруг нас |
| b | Продолж. заглавия | научная книга | ||
| 260 | a | Место издания | Мурманск | |
| b | Издательство | МАГУ | ||
| c | Дата издания | 2017 | ||
| 300 | a | Объем | 112 с. | |
| b | Иллюстрации/ тип воспроизводства | ил. | ||
| 504 | a | Библиография | Библиогр.: с. 107-110 | |
| 520 | 0_ | a | Аннотация | В книге собраны материалы по истории некоторых озер Кольского полуострова, в том числе озер в черте города Мурманска. Приведены их характеристики, экология. Может быть полезна студентам, изучающим географию, школьникам и учителям для дополнительного образования |
| 583 | x | Служебное примечание | Краеведческий каталог | |
| 650 | 04 | a | Основная рубрика | Озера-Мурманская область |
| 651 | _4 | a | Географическое наименование | Имандра, озеро |
| 651 | _4 | a | Географическое наименование | Семеновское озеро |
| 653 | 0_ | a | Ключевые слова | Гидрология озер |
| a | Ключевые слова | Исследования озер | ||
| a | Ключевые слова | Краеведение | ||
| a | Ключевые слова | Озера Кольского полуострова | ||
| a | Ключевые слова | Озера Мурманской области | ||
| a | Ключевые слова | Экология озера | ||
| 900 | a | Имя макрообъекта | Озера вокруг нас | |
| 901 | t | Тип документа | m |